000 00283nam a22001337a 4500
008 170303b xxu||||| |||| 00| 0 eng d
020 _a087898729
041 _aeng
080 _a575
100 _a6
101 _aSHM
245 _aGENETIC DATA ANALYSIS
_cWEIR.B.S
942 _2udc
_cBK
999 _c6768
_d6768